Statistics for 20 French Cities Everyone Should Know

Click here to take the quiz!

General Stats

  • This quiz has been taken 75 times
  • The average score is 16 of 20

Answer Stats

HintAnswer% Correct
Its iconic buildings are known the world over: The soaring Eiffel Tower, Notre-Dame Cathedral, the famous Latin Quarter on the Left Bank, the Champs-Elysées, and Montmartre.Paris
100%
Located in the Southwest of France, it is one of the leading French producers of wine. Male inhabitants are called BordelaisBordeaux
96%
French national anthem in named after this placeMarseille
96%
Once a major trading and industrial city with silk as the main production, today it’s a city with unique attractions like the traboules. FC OlympiqueLyon
93%
It also hosts the European headquarters of Intel and the largest space centre in Europe. Capital of OccitanieToulouse
93%
The city is known for its association with the rich and famous, its luxury hotels and restaurants, and its annual Film FestivalCannes
90%
European Parliament and European Court of Human Rights are located hereStrasbourg
90%
Famous for its mustard, which originated in 1856, when Jean Naigeon substituted verjuice, the acidic "green" juice of not-quite-ripe grapes, for vinegar in the traditional mustard recipe.Dijon
89%
Famous for its gorgeous climate, it’s an all-year-round destination, with one of the world’s most famous carnivals kicking off the annual season of events in the early Spring. The jazz festival in high summer is another major attractionNice
89%
Renowned worldwide for its Château and gardens and historically known for numerous treaties such as the Treaty of Paris, which ended the American RevolutionVersailles
89%
Northern France’s largest city, popular for weekend breaks both from London and from Paris. Once a great Flemish city, The city keeps some of the grandeur of the past with its elegant ancienne bourse (old stock exchange). Charles de Gaulle was born hereLille
86%
It was the capital of the Kingdom of France during the Merovingian period, particularly known for the role of Joan of Arc during the siege of this city. In Louisiana is ,New'Orleans
81%
Major ferry port in northern France visited by more than 10 million annually. Aside from being a key transport hub, this city is also a notable fishing port, and some 3,000 people are still employed in the lace industry for which the town is also famed.Calais
79%
Allied soldiers evacuated here in 1940Dunkirk
79%
A walled city with ramparts still standing, this city is best known for the huge Palais des Papes, built by the schismatic popes who started with Clement V. From 1309 to 1377 seven French popes held power hereAvignon
74%
Capital and largest settlement on the island of CorsicaAjaccio
70%
Capital city of French GuianaCayenne
64%
Since the 1920s, the city has been best known for its connection with motorsports. Home of the world's oldest active sports car race in endurance racingLe Mans
63%
This snowtopia quickly gained its fame through its proximity to Mont Blanc. It was the site of the first Winter Olympics in 1924Chamonix
56%
,Little Venice' in the Alsace wine region, which is famous for its white winesColmar
30%

Score Distribution

Percentile by Number Answered

Percent of People with Each Score

Your Score History

You have not taken this quiz